Open Data Biblioteca Nacional de Portugal


República Portuguesa: Ministério da Cultura
Biblioteca Nacional de Portugal

Catálogo da BNP: acesso por Identificadores Unívocos
Registos Bibliográficos associados ao registo de autoridade

Etiqueta de registo: 00000nam 2200025 450
001 2287676
003 http://id.bnportugal.gov.pt/bib/catbnp/2287676
100 ## $a20260611d2025 k y0pory01030103ba
101 0# $apor$deng
102 ## $aPT
105 ## $aa m 000yy
106 ## $ar
200 1# $aDesafios da implementação da educação inclusiva em Angola$e a perspectiva de gestores e professores de escolas inclusivas da província da Huíla$fDamiano Salei Padre$gorient. Maria José Casa-Nova
210 #9 $a[S.l.$cs.n.],$d2025
215 ## $aXVI, 418 p.$cil.$d30 cm
328 #1 $aTese dout. Ciências da Educação (Sociologia da Educação e Política Educativa), Instituto de Educação, Universidade do Minho, 2025
700 #1 $aPadre,$bDamiano Salei$32000308
702 #1 $aCasa-Nova,$bMaria José,$f1963-$4727$31116629
801 #0 $aPT$bBN$gRPC
966 ## $lBN$mFGMON$x1
971 ## $corlando$d20260611

OpendataBNP@bnportugal.pt | Mais informação sobre acesso aos dados BNP